Lecturas de historia para educación secundaria y media

La presente cartilla de historia contiene una propuesta de programa de tercer grado a undécimo con objetivos claramente definidos, es decir, esta orientada hacia la formación de una conciencia histórica en los estudiantes.

Uloženo v:
Podrobná bibliografie
Další autoři: Morgan, Lewis H.
Médium: Kniha
Jazyk:Spanish
Vydáno: Bogotá: Cedetrabajo, 1997
Témata:
On-line přístup:Enlace del recurso
Tagy: Přidat tag
Žádné tagy, Buďte první, kdo vytvoří štítek k tomuto záznamu!

MARC

LEADER 00000nam a2200000 a 4500
001 000571
008 031104s1997 ck # fr# #000|0#spa#d
041 0 |a spa 
043 |a s-ck--- 
082 0 4 |a 907  |b L217l 
245 1 0 |a Lecturas de historia para educación secundaria y media   |c Lewis H. Morgan ... [et al.] 
260 |a Bogotá:  |b Cedetrabajo,  |c 1997 
300 |a 98 p. 
520 3 |a La presente cartilla de historia contiene una propuesta de programa de tercer grado a undécimo con objetivos claramente definidos, es decir, esta orientada hacia la formación de una conciencia histórica en los estudiantes. 
650 1 4 |a ENSEÑANZA DE LA HISTORIA  |z COLOMBIA 
650 1 4 |a EDUCACIÓN SECUNDARIA 
700 1 |a Morgan, Lewis H. 
999 |c 2723  |d 2723 
856 |u https://catalogo.idep.edu.co/cgi-bin/koha/opac-detail.pl?biblionumber=2723  |z Enlace del recurso